[Event "MNT-chT 1st League"]
[Site "Podgorica"]
[Date "2018.10.19"]
[Round "7.1"]
[White "Popovic, Zoran1111"]
[Black "Andjic, Vladan"]
[Result "1-0"]
[WhiteElo "2034"]
[BlackElo "1918"]
[PlyCount "79"]
[EventDate "2018.09.07"]
[EventType "team-tourn"]
[EventRounds "9"]
[EventCountry "MNE"]
[SourceTitle "CBM 187 Extra"]
[Source "ChessBase"]
[SourceDate "2018.11.04"]
[SourceVersion "1"]
[SourceVersionDate "2018.11.04"]
[SourceQuality "1"]
[WhiteTeam "Rumija"]
[BlackTeam "Berane"]
[WhiteTeamCountry "MNE"]
[BlackTeamCountry "MNE"]

1. e4 c6 2. d4 d5 3. e5 Bf5 4. Nf3 e6 5. Be2 c5 6. 0-0 Nc6 7. c3 Qb6 8. a4 cxd4 9. cxd4 Bb4 10. Na3 Nge7 11. Be3 0-0 12. Nh4 Be4 13. Bd3 Bxd3 14. Qxd3 f5 15. g3 Rac8 16. Ng2 Ng6 17. h4 f4 18. Nxf4 Nxf4 19. gxf4 Qd8 20. Kg2 Qxh4 21. Rh1 Qg4+ 22. Kf1 Rf5 23. Nc2 Qf3 24. Rh2 a5 25. Qe2 Qxe2+ 26. Kxe2 Be7 27. Rc1 Na7 28. Kd3 Rc6 29. Rhh1 Rf8 30. Bd2 Rb6 31. Ne3 Nc6 32. f5 Bg5 33. fxe6 Rxf2 34. Bc3 Rb3 35. Nxd5 Bxc1 36. Rxc1 b5 37. axb5 Rxb5 38. Kc4 Na7 39. e7 Kf7 40. e8Q+ 1-0

[Event "MNT-chT 1st League"]
[Site "Podgorica"]
[Date "2018.09.30"]
[Round "6.3"]
[White "Andjic, Vladan"]
[Black "Blagojevic, Savo"]
[Result "1-0"]
[WhiteElo "1918"]
[BlackElo "1901"]
[PlyCount "95"]
[EventDate "2018.09.07"]
[EventType "team-tourn"]
[EventRounds "9"]
[EventCountry "MNE"]
[SourceTitle "CBM 187 Extra"]
[Source "ChessBase"]
[SourceDate "2018.11.04"]
[SourceVersion "1"]
[SourceVersionDate "2018.11.04"]
[SourceQuality "1"]
[WhiteTeam "Berane"]
[BlackTeam "Zora"]
[WhiteTeamCountry "MNE"]
[BlackTeamCountry "MNE"]

1. e4 c5 2. Nf3 Nc6 3. d4 cxd4 4. Nxd4 d6 5. c4 g6 6. Nc3 Bg7 7. Be3 Nf6 8. Be2 0-0 9. 0-0 Nxd4 10. Bxd4 b6 11. f3 Bb7 12. Qd2 Nd7 13. Bxg7 Kxg7 14. Rad1 Qc7 15. Rc1 h6 16. Rc2 Qc5+ 17. Kh1 Nf6 18. Nd5 Ng8 19. Rd1 Rac8 20. h3 Qf2 21. Kh2 Qc5 22. Bd3 Bxd5 23. cxd5 Qd4 24. Rdc1 Rxc2 25. Rxc2 a5 26. Qc3 Qxc3 27. Rxc3 Rb8 28. a4 Nf6 29. Bb5 Ng8 30. g4 g5 31. Kg3 Kf6 32. f4 Kg7 33. Rc7 f6 34. h4 Kf8 35. h5 Kf7 36. f5 Kg7 37. Kf3 Kf8 38. Ke3 e5 39. fxe6 Ne7 40. Kd4 Rc8 41. Rd7 Rc2 42. Rxd6 Rxb2 43. Rd8+ Kg7 44. Re8 Rb4+ 45. Bc4 Ng8 46. d6 Rxa4 47. Rxg8+ Kxg8 48. e7+ 1-0

[Event "EU-ch Amateur U2000"]
[Site "Niksic"]
[Date "2018.06.16"]
[Round "4"]
[White "Djukanovic, Mitar"]
[Black "Andjic, Vladan"]
[Result "1-0"]
[WhiteElo "1824"]
[BlackElo "1927"]
[PlyCount "105"]
[EventDate "2018.06.14"]
[EventType "swiss"]
[EventRounds "9"]
[EventCountry "MNE"]
[SourceTitle "EXT 2019"]
[Source "ChessBase"]
[SourceDate "2018.10.10"]
[SourceVersion "1"]
[SourceVersionDate "2018.10.10"]
[SourceQuality "1"]

1. d4 Nf6 2. Bg5 e6 3. e4 Be7 4. Bxf6 Bxf6 5. Nc3 b6 6. f4 Bb7 7. Nf3 d5 8. e5 Be7 9. Ne2 c5 10. c3 Nc6 11. a3 a5 12. Ng3 g6 13. Bd3 c4 14. Bc2 b5 15. h4 Qb6 16. h5 Kd7 17. Qd2 Raf8 18. Ke2 b4 19. Ba4 b3 20. Nf1 Kc7 21. Bxc6 Bxc6 22. Ne3 Bd7 23. g4 Kc6 24. Qe1 Qd8 25. Qg3 Rfg8 26. Qh3 a4 27. Kd2 g5 28. fxg5 Bxg5 29. Nxg5 Qxg5 30. Qf3 Rf8 31. Raf1 h6 32. Qf6 Qg8 33. Nxd5 Qxg4 34. Ne3 Qe4 35. Nxc4 Qg2+ 36. Qf2 Rhg8 37. Ne3 Qe4 38. Qf3 Qxf3 39. Rxf3 Rg5 40. Kd3 Kc7 41. c4 Be8 42. Rf6 Rh8 43. Ke4 Kd7 44. Kf4 Rg7 45. Ng4 Ke7 46. d5 Bd7 47. Ne3 Be8 48. c5 exd5 49. Nf5+ Kf8 50. Nxg7 Kxg7 51. c6 Kf8 52. Rg1 Ke7 53. Ke3 1-0

[Event "MNT-chT1"]
[Site "Mojkovac"]
[Date "2016.10.08"]
[Round "8.3"]
[White "Andjic, Vladan"]
[Black "Draskovic, Davor"]
[Result "1/2-1/2"]
[WhiteElo "1891"]
[BlackElo "2002"]
[PlyCount "61"]
[EventDate "2016.09.09"]
[EventType "team-tourn"]
[EventRounds "9"]
[EventCountry "MNE"]
[SourceTitle "EXT 2017"]
[Source "ChessBase"]
[SourceDate "2016.10.25"]
[SourceVersion "1"]
[SourceVersionDate "2016.10.25"]
[SourceQuality "1"]

1. e4 e6 2. d4 d5 3. exd5 exd5 4. Bd3 Nc6 5. c3 Bd6 6. Ne2 Nge7 7. Bg5 f6 8. Bf4 Bf5 9. Qc2 Bxd3 10. Qxd3 Qd7 11. Bxd6 Qxd6 12. Nd2 0-0-0 13. 0-0-0 Ng6 14. g3 Rhe8 15. Nb3 Kb8 16. h4 Nce7 17. h5 Nf8 18. Nf4 Nc8 19. Rhe1 c6 20. Nc5 b6 21. Nb3 Kb7 22. Qf5 Re7 23. Rxe7+ Qxe7 24. Rd2 Qe1+ 25. Kc2 Re8 26. Nc1 Nd6 27. Qg4 Re7 28. Ncd3 Qa1 29. Re2 Rc7 30. Nc1 Nc4 31. Nfd3 1/2-1/2

[Event "MNT-chT1"]
[Site "Mojkovac"]
[Date "2016.09.24"]
[Round "5.4"]
[White "Scekic, Veljko"]
[Black "Andjic, Vladan"]
[Result "1-0"]
[WhiteElo "2198"]
[BlackElo "1891"]
[PlyCount "63"]
[EventDate "2016.09.09"]
[EventType "team-tourn"]
[EventRounds "9"]
[EventCountry "MNE"]
[SourceTitle "EXT 2017"]
[Source "ChessBase"]
[SourceDate "2016.10.25"]
[SourceVersion "1"]
[SourceVersionDate "2016.10.25"]
[SourceQuality "1"]

1. d4 d5 2. Nf3 e6 3. c4 Nf6 4. Nc3 c5 5. cxd5 Nxd5 6. e4 Nxc3 7. bxc3 cxd4 8. cxd4 Bb4+ 9. Bd2 Qa5 10. Bd3 Bxd2+ 11. Qxd2 Qxd2+ 12. Kxd2 f6 13. Rhc1 Kd8 14. Rc3 Bd7 15. Rac1 Nc6 16. d5 exd5 17. exd5 Ne7 18. Rc7 Rb8 19. Be4 Nc6 20. Rxd7+ Kxd7 21. dxc6+ bxc6 22. Bxc6+ Kd6 23. Nd4 Rb2+ 24. Ke3 Rxa2 25. Nb5+ Ke7 26. Bd5 Ra5 27. Rc7+ Kd8 28. Bc6 Rxb5 29. Rd7+ Kc8 30. Bxb5 Re8+ 31. Kd4 Re5 32. Rd5 1-0